Normal view
MARC view
Entry Personal Name
001 - CONTROL NUMBER
- control field: 8108
003 - CONTROL NUMBER IDENTIFIER
- control field: BD-RjUL
005 - DATE AND TIME OF LATEST TRANSACTION
- control field: 20230724142526.0
008 - FIXED-LENGTH DATA ELEMENTS
- fixed length control field: 230724|| aca||aabn | a|a d
040 ## - CATALOGING SOURCE
- Original cataloging agency: BD-RjUL
- Transcribing agency: BD-RjUL
100 ## - HEADING--PERSONAL NAME
- Personal name: Islam, Md. Shajedul
670 ## - SOURCE DATA FOUND
- Source citation: Work cat.: (BD-RjUL)81598: Islam, Md. Shajedul, Performance Appraisal and Organizational Commitment :, 2021